[Event "Interpolis"]
[Site "Tilburg"]
[Date "1992.10.12"]
[Round "2.2"]
[White "Epishin, Vladimir"]
[Black "Ivanchuk, Vassily"]
[Result "0-1"]
[WhiteElo "2630"]
[BlackElo "2720"]
[Annotator "ChessBase"]
[PlyCount "150"]
[EventDate "1992.10.08"]
[EventType "k.o."]
[EventRounds "7"]
[EventCountry "NED"]
[SourceTitle "CBM 032"]
[Source "ChessBase"]
[SourceDate "1993.02.01"]
[SourceVersion "1"]
[SourceVersionDate "1993.02.01"]
[SourceQuality "1"]

1. d4 Nf6 2. c4 e6 3. Nf3 d5 4. Nc3 Nbd7 5. cxd5 exd5 6. Bf4 c6 7. Qc2 Bb4 8. e3 Nh5 9. Bg5 Be7 10. Bxe7 Qxe7 11. O-O-O Nb6 12. h3 g6 ({RR} 12... Be6 13. Bd3 O-O-O 14. Nd2 Kb8 15. Nb3 g6 16. g4 Ng7 17. f3 h5 18. Kb1 Bc8 19. Qf2 Ne6 20. Ne2 Qd6 21. Ng3 hxg4 22. hxg4 Qb4 23. Qd2 Qd6 24. Qg2 Qb4 25. Qd2 Qd6 26. Qg2 Qb4 {½-½ (25) Jakovenko,D (2713)-Ponomariov,R (2743) Khanty-Mansiysk 2013}) 13. Bd3 Ng7 14. g4 ({RR} 14. Rhe1 Be6 15. Kb1 O-O-O 16. Nd2 Kb8 17. f3 Bf5 18. e4 dxe4 19. fxe4 Be6 20. Nf3 Qc7 21. a4 a6 22. Rc1 f5 23. a5 Nc4 24. d5 fxe4 25. Bxc4 cxd5 26. Nxd5 Bxd5 27. Bxd5 Qxc2+ 28. Rxc2 Rxd5 {Supi,L (2568)-Quintiliano Pinto,R (2485) Timbo BRA 2025 ½-½ (31)}) 14... Bd7 $146 (14... Be6 15. Ne2 {Kasparov,G-Smyslov,V/URS-ch Moscow/1988/}) ({RR} 14... Be6 15. Kb1 O-O-O 16. Qb3 Kb8 17. a4 Nc4 18. Bxc4 dxc4 19. Qc2 Ne8 20. e4 Nc7 21. Qd2 Qf6 22. Qe3 Rhe8 23. g5 Qe7 24. Qf4 Rf8 25. d5 cxd5 26. exd5 Bf5+ 27. Ka1 Qd6 28. Qxd6 Rxd6 29. Ne5 {Alarcon Casellas,R (2404)-Narciso Dublan,M (2532) Santa Coloma 2015 1-0 (51)}) 15. Kb1 O-O-O (15... Ne6) 16. Qb3 $5 Be6 $6 (16... Kb8 17. a4 Be6 18. a5 Nc4 19. a6 (19. Bxc4 dxc4 20. Qa3 Qxa3 21. bxa3 Ne8 22. a6 Nd6 23. axb7 Bd5 $1) (19. Qa4 Qf6 20. Be2 $14) 19... b5 (19... b6 20. Bxc4 dxc4 21. Ne5) 20. Na2 Qf6 $1 $13) (16... Ne8 17. a4 Be6 18. a5 Nc4 19. Qa4 $5 $14) 17. Rc1 Kb8 18. Na4 Nxa4 19. Qxa4 Rd6 $2 (19... Rc8 20. Rc3 h5 21. Rg1 hxg4 22. hxg4 $14) (19... h5 20. Ne5 Rc8 21. f4 $14) ({RR} 19... Ne8 20. Rc3 Nd6 21. Rhc1 f6 22. Rb3 Ka8 23. Ra3 Nc8 24. Ka1 Bd7 25. Qa5 g5 26. b4 Kb8 27. b5 cxb5 28. Rxc8+ Rxc8 29. Qxa7+ Kc7 30. Rc3+ Bc6 31. Bxb5 Kd6 32. Bd3 Ra8 33. Qb6 Qc7 34. Qb4+ {Nikitin,A (2469)-Panov,S (2147) Tomsk 2007 1-0 (37)}) 20. Rc3 Rc8 21. Rhc1 f6 22. Ra3 (22. Nd2 Rc7 23. Nb3 b6 24. Rxc6 Rcxc6 25. Rxc6 Bd7 26. Na5 Qe8 (26... Ka8 27. Rc7 $18) 27. Bb5 bxa5 28. Rxd6 Bxb5 29. Qxa5 $18) 22... b6 23. g5 (23. Ne1 Ne8 24. Nc2 $14) 23... Rc7 24. gxf6 Qxf6 25. Ne5 Bf5 26. Bxf5 $6 (26. Ka1 Bxd3 27. Nxd3 Nf5 28. Nb4 $40) 26... Nxf5 27. f4 Ng3 $1 28. b4 Ne4 29. Ka1 h6 30. Qc2 g5 31. fxg5 hxg5 32. Rb3 Re6 33. Qh2 Qf2 (33... Kb7 $1) 34. Qxf2 Nxf2 35. Rbc3 Kb7 36. b5 c5 37. Nc6 Rexc6 38. bxc6+ Rxc6 39. dxc5 Ne4 40. Rd3 Nxc5 41. Rdd1 Re6 42. Rxd5 Rxe3 43. Rh1 (43. Rxg5 Rxh3 $14) 43... Rg3 44. Rd4 Re3 45. Rg4 Ne4 46. Rc1 Nc5 47. Rh1 Ne4 48. Rh2 Kc6 49. Kb2 a5 50. Rgg2 Rf3 51. Rc2+ Kb5 52. Rc8 Nd6 53. Rg8 Nc4+ 54. Kc1 Rg3 55. Kd1 Kb4 56. Ke1 b5 57. Rh8 (57. Kf2 Ra3) 57... a4 58. Rh5 Ka3 59. Rc2 (59. Kf2 Rc3 60. Rxg5 b4 $132) 59... Rg1+ $2 (59... Re3+ 60. Kf2 Re5) 60. Kf2 Rh1 61. Kg3 Nd6 62. Re2 (62. Kg2 $1) 62... Ra1 63. Rxg5 Rxa2 64. Re6 Rd2 65. h4 Kb4 66. Rg4+ Kc5 67. Re5+ Rd5 68. Rgg5 Rxe5 69. Rxe5+ Kd4 70. Kf4 a3 71. Re6 Kd5 72. Re5+ Kd4 73. Re7 b4 74. Ra7 Nb5 75. Ra5 b3 {Time} 0-1

[Event "EU-Cup 31st"]
[Site "Skopje"]
[Date "2015.10.24"]
[Round "7.5"]
[White "Rodshtein, Maxim"]
[Black "Mamedyarov, Shakhriyar"]
[Result "1-0"]
[WhiteElo "2673"]
[BlackElo "2736"]
[Annotator "Krasenkow,Michal"]
[PlyCount "81"]
[EventDate "2015.10.18"]
[EventType "team-swiss"]
[EventRounds "7"]
[EventCountry "MKD"]
[SourceTitle "CBM 169"]
[Source "ChessBase"]
[SourceDate "2015.11.10"]
[SourceVersion "1"]
[SourceVersionDate "2015.11.10"]
[SourceQuality "1"]
[WhiteTeam "Mednyi Vsadnik"]
[BlackTeam "Socar"]
[WhiteTeamCountry "RUS"]
[BlackTeamCountry "AZE"]

1. Nf3 d5 2. d4 Nf6 3. c4 e6 4. Nc3 Nbd7 5. cxd5 exd5 6. Bg5 Be7 7. e3 c6 8. Qc2 h6 9. Bh4 Nh5 $5 {This sequence (...h7-h6 and ...f6-h5) is not very common. The difference from the immediate 8...h5 can only be favourable for White.} 10. Bxe7 (10. Bg3 Nxg3 11. hxg3 Nf6 12. Bd3 Bd6 $1 13. O-O-O Qa5 14. Kb1 Bd7 15. Rc1 O-O-O 16. Nd2 Kb8 17. Nb3 Qc7 18. Na4 Bc8 19. Nbc5 b5 20. Nc3 Bxc5 21. dxc5 Ng4 $11 {1/2 (62) Kornev,A (2566)-Burmakin,V (2581) Nefteyugansk 2002}) 10... Qxe7 11. O-O-O (11. Bd3 {is harmless due to} Nf4 12. O-O Nxd3 13. Qxd3 O-O $11) (11. Be2 $5 Nhf6 12. O-O O-O 13. Rab1 a5 14. Bd3 Re8 15. Nd2 Nb6 16. Rbc1 Be6 17. Ne2 Nc8 18. a3 Nd6 $11 {1-0 (41) Darga,K-Struner,P Graz 1961}) 11... Nhf6 (11... Nb6 12. Ne5 $1 {Here we see the drawback of the advance of Black's h-pawn. Any attempt to push away this centralised knight by means of ...f7-f6 terribly weakens the light squares in Black's position.} Nf6 13. h3 (13. Bd3 Ng4 14. Nf3 Be6 15. h3 Nf6 16. Ne5 Nfd7 $11 {1/2 (58) Mikrut,D (2356)-Mastrovasilis,D (2608) Poland 2015}) 13... Bd7 14. Bd3 O-O-O 15. Rhe1 Kb8 16. Kb1 Rc8 17. g4 Rc7 18. f3 Rd8 19. Qh2 $14 {1-0 (44) Piket,J (2640)-San Segundo Carrillo,P (2505) Madrid 1997 CBM 059 [Tsesarsky]}) 12. Kb1 Nb6 (12... Ne4 $5) 13. Bd3 (13. Ne5 {can now be met with} Ng4) (13. h3 $5 {[%cal Yf3e5]}) 13... Bg4 {[%mdl 32] A classic idea originating from Akiba Rubinstein. White's doubled pawns will be less mobile than connected pawns. However...} (13... Be6 14. h3 {[%cal Yf3e5]}) 14. Rc1 Bxf3 $146 ({RR} 14... Be6 15. Ne5 Ng4 16. Nxg4 Bxg4 17. f3 Be6 18. Qf2 Qf6 19. h4 Bf5 20. e4 Bh7 21. Qe3 O-O-O 22. e5 Bxd3+ 23. Qxd3 Qe6 24. Ne2 Kb8 25. g4 Nc4 26. b3 Na3+ 27. Kb2 Nb5 28. f4 Qe7 29. f5 {Izzat,K (2454)-Hu,J (2181) Brisbane 2017 1-0 (61)}) 15. gxf3 {... even here the position of Black's pawn on h6 favours White: he can attack Black's g7-pawn, and in the event of ...g7-g6 it will be more vulnerable to f3-f4-f5 (after h2-h4 to avoid ...g6-g5). In the game, though, White chooses a completely different plan.} O-O-O 16. Qb3 (16. h4 $5 h5 17. Rcg1 g6 18. f4) 16... Kb8 17. a4 {[%csl Rc6][%cal Ya4a5,Ya5a6]} Rc8 (17... Qe6 $5 18. Ne2 $1 (18. a5 $143 Nc4 19. Bxc4 dxc4 {[%cal Re6f5]})) 18. a5 Nbd7 19. e4 $1 Qe6 20. a6 b6 21. Qa3 dxe4 $6 {Conceding the centre is not a good idea.} (21... Rhd8 $142 22. e5 Nh5 23. Ne2 {[%cal Yf3f4]} g6 $14 {[%cal Yh5g7]}) 22. fxe4 Rhd8 23. Bc2 (23. e5 $142 $1 Nd5 24. Ne4 $16) 23... c5 $1 24. d5 $6 {White could have avoided the blockade:} (24. Bb3 $1 Qh3 (24... Qg4 25. Rhe1) 25. Rhd1 $36 {[%cal Ye4e5]}) 24... Qe5 25. f3 Ne8 26. Nb5 g5 27. h4 Nd6 28. Ba4 Nxb5 29. Bxb5 g4 30. Qe3 f5 $6 {There was no point in opening up the position.} (30... Nf6 $1 $13) 31. fxg4 Nf6 (31... fxg4 32. Rhf1 {[%cal Rf1f5]}) (31... Qxe4+ 32. Qxe4 fxe4 33. Rce1 Nf6 34. g5 Nxd5 35. Rxe4 $16) 32. Rce1 $6 (32. gxf5 Qxe4+ 33. Qxe4 Nxe4 34. Rhd1 $16) 32... fxe4 (32... Qxe4+ $142 33. Qxe4 Nxe4 34. gxf5 Nd2+ $1 35. Kc2 Nf3 {keeping chances to survive.}) 33. Rhf1 Nxd5 34. Qxe4 Qxe4+ 35. Rxe4 $16 {With a potential kingside passed pawn and the a6 "coffin nail" in Black's king position, White has excellent winning chances.} Nc7 (35... Rc7 36. Re6 Rh7 {is too passive.}) 36. Bc4 Rf8 (36... b5 37. Be6 Re8 38. Bxc8 Rxe4 39. Bb7 {should be lost as well.}) 37. Ref4 Rxf4 38. Rxf4 b5 39. Bf7 Rd8 40. Rf6 Rd4 41. Rxh6 1-0

[Event "Biel GM 48th"]
[Site "Biel"]
[Date "2015.07.25"]
[Round "6"]
[White "Navara, David"]
[Black "Adams, Michael"]
[Result "0-1"]
[WhiteElo "2724"]
[BlackElo "2740"]
[Annotator "Krasenkow,Michal"]
[PlyCount "74"]
[EventDate "2015.07.20"]
[EventType "tourn"]
[EventRounds "10"]
[EventCountry "SUI"]
[EventCategory "19"]
[SourceTitle "CBM 168"]
[Source "ChessBase"]
[SourceDate "2015.09.14"]
[SourceVersion "1"]
[SourceVersionDate "2015.09.14"]
[SourceQuality "1"]

1. c4 e6 2. Nc3 d5 3. d4 Nf6 4. cxd5 exd5 5. Bg5 c6 6. e3 h6 7. Bh4 Be7 8. Qc2 Nbd7 9. Bd3 Nh5 {A simple continuation. The resulting position is more pleasant for White but it is not so easy for him to break Black's defences.} 10. Bxe7 Qxe7 11. Nge2 (11. O-O-O {is another plan seen in Aronian - Carlsen (Baden-Baden 2015).}) (11. Nf3 {is illogical and can be met with} Nf4) 11... Nb6 (11... O-O {is premature: after} 12. O-O-O {White's kingside attack will be more dangerous than Black's as the position of Black's king has been weakened by ...h7-h6. E.g.} Nhf6 13. Rdg1 Re8 14. g4 Nf8 15. h3 b5 16. g5 hxg5 17. Rxg5 Bd7 18. Rhg1 Ne6 19. R5g2 b4 20. Na4 Kf8 21. Bf5 $40 {1-0 (39) Kalesis,N (2395)-Paidousis,A (2135) Athens 1997}) 12. O-O ({Here, too,} 12. O-O-O {is possible, e.g.} Be6 13. Kb1 O-O-O 14. Nc1 Kb8 15. Nb3 Bc8 16. Ka1 Nd7 17. Rc1 Nhf6 18. Rhe1 Qd6 19. h3 Rhe8 20. f3 Qg3 21. a4 Nb6 22. e4 $14 {1-0 (52) Sakaev,K (2619)-Matsenko,S (2429) Budva 2009}) 12... O-O 13. Rae1 {[%cal Yf2f3,Ye3e4,Ye2c1,Yc1b3] White starts preparing e3-e4, which is the standard plan when he develops his knight to e2. It now goes to c1-b3 and then possibly to c5 or a5.} (13. Rab1 $143 a5 $1 (13... Bg4 14. b4 a6 15. a4 Bxe2 16. Nxe2 Rfc8 17. Qc5 Qc7 18. Bf5 Nc4 19. b5 $14 {1-0 (62) Macieja,B (2612)-Simonian,H (2461) Warsaw 2011}) 14. Qb3 Qd8 (14... Qb4 $5 {M.Marin}) 15. Na4 Nxa4 16. Qxa4 Bg4 17. Nc3 Re8 18. Qc2 Qg5 19. Kh1 Nf6 20. a3 Qh5 21. b4 axb4 22. axb4 Bf3 $5 23. gxf3 Qxf3+ 24. Kg1 Qg4+ 25. Kh1 Qf3+ 26. Kg1 Qg4+ 27. Kh1 Qf3+ {1/2 (27) Leko,P (2737)-Adams,M (2740) Dortmund 2013 CBM 156 [Marin,M]}) 13... Be6 (13... Bd7 {0-1 (54) Murdzia,P (2449)-Feygin,M (2512) Germany 2014} 14. Nc1 $1) (13... Re8 14. Nc1 Nf6 15. Nb3 Be6 (15... Qc7 $5 16. h3 (16. f3 $5) 16... Be6 {S.Smagin} 17. Ne2 $14) 16. Nc5 Qc7 17. b4 Nbd7 18. Nb3 Nb6 19. f3 Rad8 20. Qf2 Nc4 21. Nc5 Bc8 22. e4 b6 23. Nb3 Qe7 24. e5 Nh7 25. b5 cxb5 26. Nxb5 Nf8 27. Nc3 Qb4 28. Rc1 Bb7 29. f4 $36 {1-0 (72) Vyzmanavin,A (2605)-Smagin,S (2545) Elista 1995 CBM 050 [Baburin]}) 14. Nc1 Rad8 15. Nb3 Rfe8 {Black is well-prepared for White's play in the centre so White switches to the queenside.} 16. Nc5 Bc8 17. b4 $6 ({But here} 17. Ne2 {, preventing Black's reply, was more accurate.}) 17... Nc4 $1 18. Qe2 Qg5 19. f4 (19. Bxc4 $142 dxc4 20. f3 (20. Qxc4 $2 Bh3) 20... Nf6 {[%cal Rf6d5]} 21. Qxc4 Bh3 22. Rf2 Rxe3 $1 23. Rxe3 Qxe3 24. gxh3 Rxd4 25. Qb3 Qc1+ 26. Kg2 Qg5+ 27. Kf1 {- Black has nothing better than a perpetual.}) 19... Qh4 20. Bxc4 $146 ({RR} 20. Qf2 Qxf2+ 21. Kxf2 Nf6 22. h3 Nd6 23. Kf3 Re7 24. g4 Rde8 25. Nd1 g6 26. Nf2 Kg7 27. Re2 h5 28. Rfe1 hxg4+ 29. hxg4 Rh8 30. Rg1 Rh2 31. Ree1 b6 32. Nb3 Nde4 33. Bxe4 Nxe4 34. Nxe4 dxe4+ {Michiels,B (2554)-Sarrau,J (2366) Ghent 2018 ½-½ (76)}) 20... dxc4 21. g3 $2 {[%mdl 8192] An unfortunate continuation, after which Black sacrifices a piece and obtains a strong attack.} (21. Qxc4 Nxf4 $15) 21... Nxg3 22. hxg3 Qxg3+ 23. Kh1 (23. Qg2 Rxe3) 23... Qh3+ 24. Qh2 (24. Kg1 $2 Rd6 $19) 24... Rxe3 25. Nd1 Rxe1 26. Qxh3 Bxh3 27. Rxe1 b6 28. Ne4 Rxd4 {Four pawns are more than enough for a piece; Black confidently converts his advantage.} 29. Kh2 Bf5 30. Ndc3 Rd3 31. b5 {This only helps Black to create a queenside pawn avalanche.} cxb5 32. Nxb5 Bd7 $1 33. a4 a6 34. Nc7 Bxa4 35. Nxa6 c3 36. Nb4 Rd4 37. Na2 Rd2+ 0-1

[Event "Dortmund SuperGM 41st"]
[Site "Dortmund"]
[Date "2013.07.29"]
[Round "4"]
[White "Leko, Peter"]
[Black "Adams, Michael"]
[Result "1/2-1/2"]
[WhiteElo "2737"]
[BlackElo "2740"]
[Annotator "Marin,Mihail"]
[PlyCount "54"]
[EventDate "2013.07.26"]
[EventType "tourn"]
[EventRounds "9"]
[EventCountry "GER"]
[EventCategory "19"]
[SourceTitle "CBM 156"]
[Source "ChessBase"]
[SourceDate "2013.09.17"]
[SourceVersion "1"]
[SourceVersionDate "2013.09.17"]
[SourceQuality "1"]

1. d4 {Baburin,Alexander} Nf6 2. c4 e6 3. Nc3 d5 4. cxd5 exd5 5. Bg5 c6 6. Qc2 Be7 7. e3 Nbd7 8. Bd3 h6 9. Bh4 {The insertion of ...h7-h6 is not the main line, but coincidence has meant that for this same issue I have written an article on it. In my lines, the white knight goes to f3 and Black plays ...f6-e4. For diversity, this game is an excellent complement.} Nh5 10. Bxe7 Qxe7 11. Nge2 Nb6 {With the pawn on h7, there would be no immediate danger of xh7, as ...g7-g6 would trap the bishop. Sill, as the game progresses, Black sometimes needs to care about the h7-pawn, which is hardly the case now.} 12. O-O {Played solidly.} (12. O-O-O {is an important alternative. The king is safer on the queenside, but the minority attack b2-b4-b5 requires rather thorough preparing with the king nearby. Besides, the f2-, g2- and -h2 squares are less well defended.} Be6 (12... Bd7 13. Kb1 (13. Ng3 Nxg3 14. hxg3 O-O-O {This is just one example when the h-pawn is safe precisely because of ...h7-h6.} 15. Kb1 Kb8 16. Rc1 Rhe8 17. Ka1 Rc8 18. Rhd1 h5 {With excellent play for Black, Zhu Chen (2505)-Short,N (2682)/Jinan 2002/CBM 091 (1/2, 34)}) 13... O-O-O 14. Nc1 g6 ({I would rather consider} 14... Kb8 15. Nb3 Bc8 16. Nc5 Nf6 17. Rc1 Nfd7) 15. Rhe1 Kb8 16. Nb3 Ng7 {[%cal Gd7f5]} 17. f3 Be6 18. Qf2 Qc7 19. Rc1 Nc4 $2 {The knight will be just hanging here.} 20. Nc5 Bc8 21. e4 $16 {Sorin,A (2501)-Hoffman,A (2524)/Buenos Aires 1999/CBM 074/[Baburin] (1-0, 31)}) 13. Kb1 O-O-O 14. Nc1 (14. Rc1 Kb8 15. Rhd1 Rhe8 16. Ka1 Bc8 17. Ng3 Nxg3 18. hxg3 Qf6 19. Rf1 Bg4 20. Nb1 Nc8 $1 {Transferring the knight to the optimal d6-square.} 21. Nd2 Nd6 22. Qa4 Bf5 23. Be2 Be4 $11 {With all his pieces (including the minor pieces) optimally placed, Black has little to fear.}) 14... Kb8 15. Nb3 Bc8 16. Ka1 Nd7 {This loses time.} ({I would use the other knight to fight for the c5-square.} 16... Nf6 17. Nc5 Nfd7 18. b4 $6 Nc4 $1 {[%csl Gb4][%cal Gb7b6]}) 17. Rc1 Nhf6 18. Rhe1 Qd6 19. h3 Rhe8 20. f3 Qg3 21. a4 Nb6 22. e4 dxe4 23. fxe4 Be6 24. Nc5 {The game is very tense, but Black needs an immediate tactical solution to avoid being pushed back, Sakaev,K (2619)-Matsenko,S (2429)/Budva 2009/CBM 130 (1-0, 52)} Rxd4 $5 25. Ne2 Qxd3 $3 26. Nxd3 Rxa4+ 27. Qxa4 (27. Kb1 Ba2+ 28. Ka1 Bb3+) 27... Nxa4 $44) 12... O-O {In this position, the extra move ...h6 is essential.} 13. Rab1 {This natural move, preparing the minority attack, will be neutralised by a strong novelty.} ({In my view,} 13. Rae1 {followed by c1-b3 and f3, e4, looks more consistent, see Vyzmanavin,A (2605)-Smagin,S (2545)/Elista 1995/CBM 050/[Baburin] (1-0, 72)}) ({RR} 13. Rae1 Re8 14. Nc1 Nf6 15. Nb3 Be6 16. Nc5 Qc7 17. b4 Nbd7 18. Nb3 Nb6 19. f3 Rad8 20. Qf2 Nc4 21. Nc5 Bc8 22. e4 b6 23. Nb3 Qe7 24. e5 Nh7 25. b5 cxb5 26. Nxb5 Nf8 27. Nc3 Qb4 {Vyzmanavin,A (2605)-Smagin,S (2545) Elista 1995 CBM 050 [Baburin,Alexander] 1-0 (72)}) 13... a5 $1 $146 (13... Bg4 14. b4 a6 15. a4 Bxe2 16. Nxe2 Rfc8 17. Qc5 Qc7 18. Bf5 Nc4 $5 {[%cal Gb7b6]} 19. b5 axb5 (19... cxb5 $2 20. Bxc8 $1) 20. axb5 Rcb8 21. bxc6 bxc6 22. Nc3 $14 {Macieja,B (2612)-Simonian,H (2461)/Warsaw 2011/CBM 143 Extra (1-0, 62)}) 14. Qb3 ({If} 14. a3 a4 {White cannot coordinate his forces to get the a4-pawn:} 15. Qd1 Bg4 16. Bc2 Qg5 17. Kh1 Nf6 18. h3 (18. f3 Bd7 $15 {[%csl Ge3]}) 18... Nc4 $1 {[%cal Gb7b5] White cannot prevent ...b7-b5 with great play for Black.} 19. Bxa4 $6 (19. hxg4 $2 {leads to forced mate:} Qh4+ 20. Kg1 Nxg4 21. Re1 Qxf2+ 22. Kh1 Qh4+ 23. Kg1 Qh2+ 24. Kf1 Ncxe3#) 19... Qh5 20. Bc2 Bxh3 $1 $17) ({RR} 14. a3 a4 15. Qd1 Nf6 16. Bc2 Bg4 17. Re1 Nc4 18. Nxa4 Rfe8 19. Nac3 b5 20. Qd3 g6 21. Ng3 h5 22. f3 h4 23. Nf1 Be6 24. e4 dxe4 25. fxe4 Rad8 26. e5 Nd5 27. Ne4 Bf5 28. Nfd2 Nf4 {Begunov,K (2325)-King,A (2276) Chess.com INT 2021 0-1 (67)}) ({RR} 14. a3 Be6 15. b4 axb4 16. axb4 Nf6 17. b5 c5 18. dxc5 Qxc5 19. Rfc1 Rfc8 20. Qb2 Qd6 21. h3 Nfd7 22. Nd4 Ne5 23. Bf1 Nec4 24. Qb4 Qe5 25. Nce2 Re8 26. Ra1 Qg5 27. Nf4 Qe5 28. Rxa8 Rxa8 {Begunov,K (2325)-Iskusnyh,S (2440) chess.com INT 2026 1-0 (59)}) 14... Qd8 $146 ({There does not seem to be anything wrong with} 14... Qb4 $5) ({RR} 14... Nd7 15. Rfe1 Ndf6 16. Nd1 Ne4 17. Qc2 Nd6 18. f3 f5 19. Nec3 Bd7 20. Na4 Rae8 21. Nf2 b5 22. Nc5 Bc8 23. Nb3 a4 24. Na5 Nc4 25. Bxc4 dxc4 26. Nxc6 Qd6 27. Ne5 f4 28. Ne4 Qb6 29. Qc3 {Weller,J (2274)-Houska,J (2401) England 2018 0-1 (42)}) 15. Na4 Nxa4 16. Qxa4 {White is getting close to starting his queenside attack, but since this will require the knight on c3, the kingside will be left with insufficient defence.} Bg4 17. Nc3 (17. Qc2 Re8 18. a3 a4) 17... Re8 18. Qc2 Qg5 19. Kh1 Nf6 20. a3 {Finally! But it is too late to claim an advantage.} Qh5 21. b4 axb4 22. axb4 Bf3 $5 {The simplest. Black threatens not only ...xg2+ with perpetual check, but also ...g4, winning.} 23. gxf3 (23. Bf5 {would parry both threats, but after} Ra3 {White's pieces would be hanging.}) 23... Qxf3+ 24. Kg1 Qg4+ 25. Kh1 Qf3+ 26. Kg1 Qg4+ 27. Kh1 Qf3+ 1/2-1/2